000 00797cam a2200253 4500
001 WB3546-46
008 000000n1999 000 0 eng u
035 _a(Sirsi) u102379
245 _aCouncils snub flagship scheme charging motorists
260 _c1999
490 _aFinancial Times
_v19 November 1999, 2(1)
520 _aVery few local authorities have shown any support for government plans to charge motorists to drive in city centres and park at their workplaces.
590 _aWB
650 _aMOTORISTS
650 _aCONGESTION CHARGING
650 _aLOCAL AUTHORITIES
650 _aCITY CENTRES
650 _aTRANSPORT BILL
650 _aGOVERNMENT POLICY
650 _aROAD USE
650 _aWORKPLACE PARKING
690 _aTRANSPORT AND COMMUNICATIONS
942 _n0
999 _c61400
_d61400